Meest voorkomende werkwoorden in de Franse taal - Taalles Frans 1 - Statistieken

Algemene statistieken
  • Deze quiz is 13 keer genomen
  • De gemiddelde score is 8 van 40
Antwoordstatistieken
Antwoord % Correct
Être
100%
Avoir
80%
Aller
70%
Venir
50%
Faire
40%
Voir
40%
Vouloir
40%
Falloir
30%
Hebben
30%
Pouvoir
30%
Zijn
30%
Croire
20%
Doen
20%
Doen
20%
Gaan
20%
Mettre
20%
Parler
20%
Prendre
20%
Savoir
20%
Arriver
10%
Devoir
10%
Dire
10%
Komen
10%
Kunnen
10%
Moeten
10%
Moeten
10%
Nemen
10%
Passer
10%
Aankomen
0%
Geven
0%
Donner
0%
Geloven
0%
Spreken
0%
Trouver
0%
Vinden
0%
Weten
0%
Willen
0%
Zeggen
0%
Zetten
0%
Zien
0%
Geen overeenkomende quizzen gevonden
Scoreverdeling
Procent van Mensen met Elke Score
Percentiel versus Aantal Correcte Antwoorden
Uw Scoregeschiedenis
U heeft deze quiz nog niet genomen